Statistics for Countries with a 'B' in their name:

Click here to take the quiz!

General Stats

  • This quiz has been taken 85 times
  • The average score is 35 of 41

Answer Stats

HintAnswer% Correct
Brazil
96%
AAlbania
92%
Belgium
92%
NNamibia
92%
Bolivia
92%
Zimbabwe
92%
ZZambia
90%
Bosnia and Herzegovina
90%
GGabon
90%
Bulgaria
89%
Bhutan
89%
Bahrain
89%
CCambodia
88%
Bangladesh
88%
Liberia
88%
Burundi
88%
Uzbekistan
86%
Barbados
86%
BBahamas
86%
Belize
86%
LLebanon
85%
Benin
85%
Cuba
85%
Azerbaijan
85%
Burkina Faso
84%
UUnited Arab Emirates
84%
Botswana
84%
Gambia
84%
DDjibouti
84%
Brunei
82%
Libya
81%
Serbia
81%
Belarus
81%
Luxembourg
79%
Colombia
79%
KKiribati
78%
MMozambique
77%
TTrinidad and Tobago
77%
Antigua and Barbuda
74%
Guinea Bissau
68%
SSaudi Arabia
67%

Score Distribution

Percentile by Number Answered

Percent of People with Each Score

Your Score History

You have not taken this quiz